NATO facts and figures /

Saved in:
நூற்பட்டியல் விவரங்கள்
குழும எழுத்தாளர்: North Atlantic Treaty Organization. Information Service.
வடிவம்: புத்தகம்
மொழி:English
வெளியீடப்பட்டது: Brussels : NATO Information Service, 1969.
பகுதிகள்:
குறியீடுகள்: குறிச்சொல் இணை
குறியீடுகள் இல்லை, இந்த குறிச்சொல்லை முதலில் பதிவு செய்யுங்கள்!
LEADER 00981nam a2200241Ia 4500
001 005648024-5
005 20020606163548.3
008 820414s1978 be a 001 0 eng d
035 0 |a ocm08332602 
035 0 |a ocm08332602  |z ocm04565707 
040 |a AWC  |c AWC  |d NDU  |d HVL 
043 |a n------  |a e------ 
090 |a UA646.3  |b .N65 1978 
110 2 |a North Atlantic Treaty Organization.  |b Information Service. 
245 1 0 |a NATO facts and figures /  |c NATO Information Service. 
260 |a Brussels :  |b NATO Information Service,  |c 1969. 
300 |a 382 p. :  |b ill. ;  |c 25 cm. 
500 |a Includes index. 
500 |a Second impression 1978. 
500 |a "In the second impression of this current edition of NATO Facts and Figures ... add and update those Appendices listing names and address ... extend Chronology up to the Summit Meeting of the North Atlantic Council ... May 1978."--editorial note. 
610 2 0 |a North Atlantic Treaty Organization. 
988 |a 20020608 
906 |0 OCLC